| 000 | 00780nam a22002531 4500 | ||
|---|---|---|---|
| 001 | 17897 | ||
| 003 | BD-RjUL | ||
| 005 | 20211209000216.0 | ||
| 008 | 140219r1953 enk 001 1 eng | ||
| 035 | _a(BD-RjUL)17955 | ||
| 035 | _a(OCoLC)270879 | ||
| 040 |
_aDLC _cOAU _dOCoLC _dUk _dDLC _dBD-RjUL _beng |
||
| 041 | _aeng | ||
| 082 |
_a820.904 _bSCF 1953 |
||
| 100 | 2 |
_aScott-James, R. A. _q(Rolfe Arnold), _d1878- _953330 |
|
| 245 | 1 | 0 |
_aFifty years of English literature, 1900-1950 / _cR. A. Scott-James |
| 260 |
_aLondon ; _aNew York : _bLongmans, Green, _c1953. |
||
| 300 |
_aix, 255 p. ; _c22 cm. |
||
| 504 | _aIncludes index. | ||
| 650 | 0 |
_aEnglish literature _y20th century _xHistory and criticism. _955220 |
|
| 942 |
_2ddc _cBK |
||
| 999 |
_c17897 _d17897 |
||